000 01137cam a2200325 i 4500
001 18230372
003 PILC
005 20160204145841.0
008 140717s2015 enk 000 0 eng
010 _a 2014025766
020 _a9780415705288 (hbk)
020 _a9780415705295 (pbk)
040 _aDLC
_beng
_cDLC
_erda
042 _apcc
050 0 0 _aBF 76.4
_b.H365 2015
082 0 0 _a174/.915
245 0 0 _aHandbook of professional and ethical practice for psychologists, counsellors and psychotherapists /
_cedited by Rachel Tribe and Jean Morrissey.
250 _a2nd edition.
260 _aNew York :
_bRoutledge,
_c2015.
300 _axv, 341 pages ;
_c24 cm.
500 _aIncludes index.
650 0 _aPsychologists
_xProfessional ethics.
650 0 _aCounselors
_xProfessional ethics.
650 0 _aPsychotherapists
_xProfessional ethics.
700 1 _aTribe, Rachel.
700 1 _aMorrissey, Jean.
906 _a7
_bcbc
_corignew
_d1
_eecip
_f20
_gy-gencatlg
942 _2lcc
_cBK
_kFOR
999 _c288926
_d288926